000 00617nam a2200205 i 4500
001 188073
003 SpMaBN
005 20230906223114.0
008 180424s1982 sp a |||| | spa d
020 _a84-300-7006-0
080 _a636.1.008.6
080 _a798.2
100 1 _aDelgado del Toro, José María.
_9164674
245 1 0 _aManual de cuidados y doma del caballo /
_cJosé M.ª D. del Toro.
260 _aMadrid :
_bJ.M. Delgado del Toro,
_c1982.
300 _a147 p. :
_bil. ;
_c23 cm.
650 4 _aCaballos-
_xAdiestramiento.
_9173683
650 4 _aEquitación.
_9136007
852 _aES-MaACL
_jL-31964
999 _c188073
_d188073